Statistics for The 20 best-selling cars and trucks in the U.S. in 2018

Click here to take the quiz!

General Stats

  • This quiz has been taken 250 times
  • The average score is 12 of 27

Answer Stats

Answer% Correct
Ford
99%
Chevrolet
89%
Toyota
84%
Honda
70%
Nissan
62%
Ram
58%
Corolla
51%
Silverado
51%
Camry
50%
Civic
46%
Jeep
45%
Accord
41%
Explorer
39%
Tacoma
38%
RAV4
37%
CR-V
34%
Grand Cherokee
33%
F-Series
31%
Altima
30%
Wrangler
30%
Cherokee
28%
Escape
27%
Highlander
26%
Rogue
22%
Equinox
21%
Sentra
21%
Pickup
8%

Score Distribution

Percentile by Number Answered

Percent of People with Each Score

Your Score History

You have not taken this quiz